<?xml version="1.0" encoding="UTF-8"?>
<collection xmlns="http://www.loc.gov/MARC21/slim">
 <record>
  <leader>00955nam a2200169Ia 4500</leader>
  <controlfield tag="001">CTU_130</controlfield>
  <controlfield tag="008">210402s9999    xx            000 0 und d</controlfield>
  <datafield tag="082" ind1=" " ind2=" ">
   <subfield code="a">895.11</subfield>
  </datafield>
  <datafield tag="082" ind1=" " ind2=" ">
   <subfield code="b">Th460</subfield>
  </datafield>
  <datafield tag="245" ind1=" " ind2="0">
   <subfield code="a">Thơ Đường</subfield>
  </datafield>
  <datafield tag="245" ind1=" " ind2="0">
   <subfield code="c">Thơ Đường, Khương Hữu Dụng</subfield>
  </datafield>
  <datafield tag="260" ind1=" " ind2=" ">
   <subfield code="a">Đà Nẵng</subfield>
  </datafield>
  <datafield tag="260" ind1=" " ind2=" ">
   <subfield code="b">Đà Nẵng</subfield>
  </datafield>
  <datafield tag="260" ind1=" " ind2=" ">
   <subfield code="c">1996</subfield>
  </datafield>
  <datafield tag="520" ind1=" " ind2=" ">
   <subfield code="a">Đã có nhiều nhà thơ Việt Nam dịch Thơ Đường. Cuốn sách này giới thiệu 207 bài thơ của 41 nhà thơ đời Đường do dịch giả Khương Hữu Dụng dịch. Các tác giả chính: Lý Bạch; Đỗ Phủ; Bạch Cư Dị; Vương Bột; Lạc Tân Vương; Mạnh Hạo Nhiên; Vương Duy; Sầm Tham; Vương Xương Linh; Thôi Hiệu; Kim Xương Tự; Thôi Hộ; Đỗ Mục; Hoàng Sào...</subfield>
  </datafield>
  <datafield tag="650" ind1=" " ind2=" ">
   <subfield code="a">chinese poetry</subfield>
  </datafield>
  <datafield tag="980" ind1=" " ind2=" ">
   <subfield code="a">Trung tâm Học liệu Trường Đại học Cần Thơ</subfield>
  </datafield>
 </record>
</collection>
